Statistiques concernant gardiens des citées perdues

Cliquez ici pour prendre le quiz!

Statistiques générales

  • Ce quiz a été pris 170 fois
  • Le résultat moyen est 27 sur 80

Statistiques - réponses

Hint16Réponse% Correct
1sophie foster
90%
3fitz vacker
80%
4biana vacker
72%
2keefe sencen
68%
28alden vacker
63%
27della vacker
59%
5dex diznee
56%
21edaline ruewen
56%
22grady ruewen
55%
72alvar
54%
58bronte
52%
59oralie
51%
12sandor
49%
61kenric
48%
7tam song
47%
62alina
46%
68fintan
46%
70brant
45%
60emery
45%
34lady gisela
45%
6linh song
45%
42silveny
45%
23jolie ruewen
42%
13grizel
41%
16ro
40%
41brume
39%
11stina heks
39%
35lord cassius
38%
56tiergan
37%
24amy foster
36%
31bex diznee
36%
46iggy
36%
33lex diznee
36%
8marella redek
36%
32rex diznee
36%
17bo
35%
53elwin
35%
38granite
35%
43greyfell
35%
29juline diznee
35%
73ruy
35%
39spectre
35%
19calla
34%
65terik
34%
71gethen
33%
74ombre
32%
69vespera
32%
40blizzard
31%
30kesler diznee
31%
44luna
31%
51prentice endal
31%
52magnat leto
30%
36mr forkle
30%
48dimitar
28%
45felix
28%
10willy endal
27%
20flori
26%
54sir astin
26%
55lady cadence
24%
77livvy
24%
37medoc
23%
47verdi
22%
80tarina
20%
15lovise
18%
76mecano
18%
18nubiti
18%
78quinlin
18%
66zarina
18%
49enki
15%
63clarette
14%
9maruca endal
14%
75lueur
13%
64darek
12%
26emma foster
12%
25william foster
7%
67fallon
6%
50hilda
4%
57lady zillah
2%
79luzia vaker
2%
14wolther
1%

Distribution des résultats

Percentile par nombre de réponses

% des personnes avec chaque résultat

Votre développement - résultats

Vous n’avez pas pris ce quiz